[Event "VEN-ch U20"]
[Site "Maracay"]
[Date "2018.05.31"]
[Round "3"]
[White "Castro Paitan, Cesar Raul"]
[Black "Castro Silva, Moises Antonio"]
[Result "1-0"]
[WhiteElo "1540"]
[BlackElo "1812"]
[PlyCount "87"]
[EventDate "2018.05.31"]
[EventType "swiss"]
[EventRounds "7"]
[EventCountry "VEN"]
[SourceTitle "EXT 2019"]
[Source "ChessBase"]
[SourceDate "2018.10.10"]
[SourceVersion "1"]
[SourceVersionDate "2018.10.10"]
[SourceQuality "1"]

1. c4 c5 2. g3 Nc6 3. Bg2 g6 4. Nf3 Bg7 5. Nc3 e6 6. 0-0 Nge7 7. d3 0-0 8. Bf4 d6 9. Qd2 b6 10. Bh6 Bxh6 11. Qxh6 Nf5 12. Qd2 Bb7 13. e4 Nfd4 14. Nxd4 Nxd4 15. Ne2 f5 16. Nxd4 cxd4 17. exf5 Bxg2 18. Kxg2 gxf5 19. Rae1 Qf6 20. Re2 Rf7 21. Rfe1 Re8 22. b4 Rfe7 23. Qc2 f4 24. Re4 f3+ 25. Kh1 e5 26. Qd2 Qf5 27. Rg1 Rg7 28. g4 Qf7 29. Rg3 Rf8 30. a3 Qd7 31. h3 h5 32. g5 Qa4 33. Rh4 Qxa3 34. Rxh5 Rf4 35. Rg1 Qa4 36. b5 Qa3 37. Kh2 Qc5 38. Rg4 Rxg4 39. hxg4 e4 40. g6 Qc7 41. Qh6 d5+ 42. Kh3 Kf8 43. Qh8+ Rg8 44. Rf5+ 1-0